| 000 | 00359 a2200145 4500 | ||
|---|---|---|---|
| 001 | 169538 | ||
| 020 | _a | ||
| 040 | _cMagnum | ||
| 100 | _aBleichmar, Silvia | ||
| 240 | 1 | 0 |
_aNas origens do sujeito psiquico: do mito a historia _lpor |
| 245 | 1 | 0 | _aNas origens do sujeito psiquico: do mito a historia |
| 362 | 0 | _a1899 | |
| 697 | _aPSICOLOGIA | ||
| 942 | _cBK | ||
| 999 |
_c169538 _d169538 |
||